000 00867nam a2200217Ia 4500
999 _c39419
_d39419
001 6010
003 GE_BSU
005 20190902110229.0
008 181216s1971||||ge |||||||||||||| ||geo||
040 _cGE_BSU
041 _ageo
080 _a821.353.1-1 ა-15
100 _aაბესაძე, ალბერტ
_93850
245 _aპოეზია უპირველეს ყოვლისა :
_bლექსები /
_cსულხან აბდელანი ; რედ. ე. კვიტაიშვილი.
264 _aთბილისი :
_b[გ.გ.] ;
_c1991.
300 _a55 გვ. ;
_c20 სმ.
653 _aპოეზია უპირველეს ყოვლისა
653 _aლექსები
700 _aქოიავა, მურმან
_eრედაქტორი
_93849
942 _cBK
_2udc